000
00380nam a2200169Ia 4500
008
090711s9999 xx 000 0 und d
082
_b
78454
100
_a
पै शिरीष
245
_a
सय
260
_c
1996
300
_a
176
600
_a
पै शिरीष
630
_a
सय
700
_a
पै शिरीष
730
_a
सय
942
_c
BOOK
999
_c
292285
_d
292285